000 00665nam a2200253Ia 4500
003 OSt
005 20220918201338.0
006 a|||||r|||| 00| 0
007 ta
008 220917b |||||||| |||| 00| 0 eng d
024 _a93,244
037 _cTextual
040 _aARTS
_cARTS
_beng
041 _2eng
_aeng
082 _aV2y7J51:g(Y), M3
100 _aAzra Alavi
_998233
245 0 _aSocio religious outlook of Abul Fazl
250 _a2nd
260 _aDelhi
_bIdarah-I Adabiyat-I Delli
_c1983
300 _a71p. plates
_ccm.
650 _aHISTORY
942 _hV2y7J51:g(Y), M3
_cTEXL
_2CC
999 _c216891
_d216891